UM Logo

Computer-hardware evaluation of mathematical functions/ (Record no. 5974)

MARC details
000 -LEADER
fixed length control field 00759nam a22002057a 4500
008 - FIXED-LENGTH DATA ELEMENTS--GENERAL INFORMATION
fixed length control field 161207b xxu||||| |||| 00| 0 eng d
020 ## - INTERNATIONAL STANDARD BOOK NUMBER
International Standard Book Number 978-1-78326-860
082 ## - DEWEY DECIMAL CLASSIFICATION NUMBER
Edition number 2016
Classification number DC 005.1
Item number Om6
100 ## - MAIN ENTRY--PERSONAL NAME
9 (RLIN) 18134
Personal name Omondi, Amos.
Relator term author.
245 ## - TITLE STATEMENT
Title Computer-hardware evaluation of mathematical functions/
Statement of responsibility, etc. Amos Omondi.
260 ## - PUBLICATION, DISTRIBUTION, ETC. (IMPRINT)
Place of publication, distribution, etc. London:
Name of publisher, distributor, etc. Imperial College Press,
Date of publication, distribution, etc. c2016.
300 ## - PHYSICAL DESCRIPTION
Extent xvii, 414 pages:
Other physical details illustrations;
Dimensions 24 cm.
500 ## - GENERAL NOTE
General note Includes bibliographical references and index.
650 #0 - SUBJECT ADDED ENTRY--TOPICAL TERM
9 (RLIN) 18135
Topical term or geographic name as entry element Computer arithmetic.
650 #0 - SUBJECT ADDED ENTRY--TOPICAL TERM
9 (RLIN) 18136
Topical term or geographic name as entry element Computer arithmetic and logic units.
650 #0 - SUBJECT ADDED ENTRY--TOPICAL TERM
9 (RLIN) 18137
Topical term or geographic name as entry element Computer algorithms.
650 #0 - SUBJECT ADDED ENTRY--TOPICAL TERM
9 (RLIN) 18138
Topical term or geographic name as entry element Integrated circuits
General subdivision Verification.
650 #0 - SUBJECT ADDED ENTRY--TOPICAL TERM
9 (RLIN) 18139
Topical term or geographic name as entry element Computer architecture.
942 ## - ADDED ENTRY ELEMENTS (KOHA)
Source of classification or shelving scheme Dewey Decimal Classification
Koha item type Circulation
Holdings
Withdrawn status Lost status Source of classification or shelving scheme Damaged status Not for loan Collection code Home library Current library Date acquired Source of acquisition Cost, normal purchase price Total Checkouts Full call number Barcode Date last seen Price effective from Koha item type
    Dewey Decimal Classification     Circulation UM Digos College - LIC UM Digos College - LIC 10/27/2016 Purchased 10975.00   DC 005.1 Om6 2016 24647 05/15/2025 12/07/2016 Circulation